000 00547nam a2200193Ia 4500
005 20250923150056.0
008 008 250917s9999 xx 000 0 eng d
037 _aTextual
040 _aDSWL
_beng
_cDSWL
041 _aeng
_2eng
084 _aYX;5-Hx, N99
_qDSWL
245 0 _aHealth promotion at the community level
_cEd. by NeilBracht
260 _aThousand Oaks
_b Sage Publication
_c1999
300 _a275p.
365 _aINR
_b1578.3
925 _g1578.3
942 _cTEXL
_hYX;5-Hx, N99
999 _c1459278
_d1459278